Гаджеты в медицине; Информационные технологии в науке, управлении, социальной сфере и медицине; Ч. 1
| Parent link: | Информационные технологии в науке, управлении, социальной сфере и медицине: сборник научных трудов Международной конференции с международным участием , 29 апреля - 2 мая 2014 г., Томск/ Национальный исследовательский Томский политехнический университет (ТПУ).— , 2014 Ч. 1.— 2014.— [С. 255-257] |
|---|---|
| 1. Verfasser: | |
| Körperschaften: | , |
| Weitere Verfasser: | |
| Zusammenfassung: | Заглавие с титульного экрана Currently, the main trend in the field of health care is a widespread use of modern information technologies and establishment of medical information systems, which assist in the evaluation of patients. The most affordable means of medical care are gadgets. |
| Sprache: | Russisch |
| Veröffentlicht: |
2014
|
| Schriftenreihe: | Информационные технологии в здравоохранении и медицине |
| Schlagworte: | |
| Online-Zugang: | http://www.lib.tpu.ru/fulltext/c/2014/C24/V1/086.pdf |
| Format: | Elektronisch Buchkapitel |
| KOHA link: | https://koha.lib.tpu.ru/cgi-bin/koha/opac-detail.pl?biblionumber=607886 |
MARC
| LEADER | 00000naa2a2200000 4500 | ||
|---|---|---|---|
| 001 | 607886 | ||
| 005 | 20260316094159.0 | ||
| 035 | |a (RuTPU)RU\TPU\conf\5292 | ||
| 035 | |a RU\TPU\conf\5266 | ||
| 090 | |a 607886 | ||
| 100 | |a 20140904d2014 k y0rusy50 ca | ||
| 101 | 0 | |a rus | |
| 102 | |a RU | ||
| 135 | |a drnn ---uucaa | ||
| 181 | 0 | |a i | |
| 182 | 0 | |a b | |
| 200 | 1 | |a Гаджеты в медицине |f А. В. Семес |g науч. рук. А. Н. Древаль |d Gadgets in medicine | |
| 203 | |a Текст |c электронный | ||
| 225 | 1 | |a Информационные технологии в здравоохранении и медицине | |
| 300 | |a Заглавие с титульного экрана | ||
| 320 | |a [Библиогр.: с. 257 (3 назв.)] | ||
| 330 | |a Currently, the main trend in the field of health care is a widespread use of modern information technologies and establishment of medical information systems, which assist in the evaluation of patients. The most affordable means of medical care are gadgets. | ||
| 337 | |a Adobe Reader | ||
| 461 | 1 | |0 (RuTPU)RU\TPU\conf\4263 |t Информационные технологии в науке, управлении, социальной сфере и медицине |o сборник научных трудов Международной конференции с международным участием , 29 апреля - 2 мая 2014 г., Томск |o в 2 ч. |f Национальный исследовательский Томский политехнический университет (ТПУ) |d 2014 | |
| 463 | 1 | |0 (RuTPU)RU\TPU\conf\5084 |t Ч. 1 |v [С. 255-257] |d 2014 | |
| 510 | 1 | |a Gadgets in medicine |z eng | |
| 610 | 1 | |a труды учёных ТПУ | |
| 610 | 1 | |a электронный ресурс | |
| 610 | 1 | |a гаджеты | |
| 610 | 1 | |a медицина | |
| 700 | 1 | |a Семес |b А. В. | |
| 702 | 1 | |a Древаль |b А. Н. |c специалист в области менеджмента |c доцент Томского политехнического университета, кандидат технических наук |f 1951- |g Анатолий Николаевич |4 727 | |
| 712 | 0 | 2 | |a Национальный исследовательский Томский политехнический университет (ТПУ) |b Институт социально-гуманитарных технологий (ИСГТ) |b Кафедра инженерного предпринимательства (ИП) |3 (RuTPU)RU\TPU\col\18857 |
| 712 | 0 | 2 | |a Национальный исследовательский Томский политехнический университет (ТПУ) |b Институт социально-гуманитарных технологий (ИСГТ) |b Кафедра менеджмента (МЕН) |3 (RuTPU)RU\TPU\col\18855 |
| 801 | 2 | |a RU |b 63413507 |c 20140904 |g RCR | |
| 856 | 4 | |u http://www.lib.tpu.ru/fulltext/c/2014/C24/V1/086.pdf | |
| 942 | |c BK | ||